Normal view
MARC view
Entry Personal Name
001 - CONTROL NUMBER
- control field: 76466
003 - CONTROL NUMBER IDENTIFIER
- control field: dpl
005 - DATE AND TIME OF LATEST TRANSACTION
- control field: 20250113150403.0
008 - FIXED-LENGTH DATA ELEMENTS
- fixed length control field: 250113|| aca||aabn | a|a d
040 ## - CATALOGING SOURCE
- Original cataloging agency: dpl
- Transcribing agency: dpl
100 ## - HEADING--PERSONAL NAME
- Personal name: भाटिया सुदर्शन
670 ## - SOURCE DATA FOUND
- Source citation: Work cat.: (dpl)208424: भाटिया सुदर्शन, प्राकृतिक चिकित्सा स्वास्थ्य का आधार /, 2017
